Statistics for NOT a real city! #1 (multi)

Click here to take the quiz!

General Stats

  • This quiz has been taken 9 times
  • The average score is 8 of 15

Answer Stats

QuestionAnswer% Correct
...in Australia?Oompa Loompa
88%
...in South Africa?Chowdown
75%
...in Thailand?Gobang
75%
...in Mexico?Guacacamole
75%
...in Ireland?Gutty
63%
...in Haiti?Voulez-vous
63%
...in Czech Republic?Desperazin
50%
...in Colombia?Fasto
50%
...in Norway?Blakmedal
38%
...in Fiji?Manimani
38%
...in France?Pinko
38%
...in Azerbaijan?Qokain
38%
...in the USA?Whitenose
38%
...in Germany?Traibasingen
25%
...in Russia?Yarskigrad
25%

Score Distribution

Percentile by Number Answered

Percent of People with Each Score

Your Score History

You have not taken this quiz